000 00492nam a22001697a 4500
003 CEME
005 20210628210250.0
008 210208b xxu||||| |||| 00| 0 eng d
040 _c.
082 _a297.7 ASH
100 _aThanvi, Muhammad Ashraf Ali Muhammad Ashraf Ali Thanvi
_978792
245 _aKhutbat-e-hakeem ul umat barkat-e-ramzan
260 _aLAHORE
_bIDARA TALEEFAT ASHRAFIA
_c1995
300 _a496P
650 _aISLAM-BARKAT-E-RAMZAN RAMZAN FASTI
_978793
942 _cBK
_2ddc
999 _c583869
_d583869